JRE-IKST-003の採用駅 - Statistics

General Stats
  • This quiz has been taken 12 times
  • The average score is 27 of 32
Answer Stats
Answer % Correct
中野
100%
大久保
100%
新宿
100%
荻窪
90%
東中野
90%
代々木
90%
信濃町
90%
四ツ谷
90%
飯田橋
90%
御茶ノ水
90%
浅草橋
90%
錦糸町
90%
亀戸
90%
平井
90%
新小岩
90%
小岩
90%
西船橋
90%
西荻窪
80%
両国
80%
市川
80%
本八幡
80%
下総中山
80%
船橋
80%
東船橋
80%
津田沼
80%
稲毛
80%
西千葉
80%
吉祥寺
70%
幕張本郷
70%
幕張
70%
新検見川
70%
千駄ケ谷
60%
No matching quizzes found
Score Distribution
Percent of People with Each Score
Percentile by Number Answered
Your Score History
You have not taken this quiz